[Event "SC Groebenzell 2-SK Neuburg 1"]
[Site "?"]
[Date "2025.02.02"]
[Round "6.2"]
[White "Scheckenbach, Franz"]
[Black "Wurzel, Andre"]
[Result "0-1"]
[WhiteElo "2029"]
[BlackElo "2105"]
[Annotator "Stockfish 17"]
[PlyCount "72"]
[EventDate "2025.??.??"]
[WhiteTeam "SC Gröbenzell 2"]
[BlackTeam "SK Neuburg 1"]

{[%evp 9,72,-17,-7,-26,6,0,38,8,14,-5,-7,-6,-5,-15,-9,-8,-9,-16,1,-15,-16,-48,
-45,-55,-54,-103,-86,-100,-97,-140,-137,-136,-143,-163,-122,-120,-115,-131,
-124,-125,-107,-202,-185,-214,-200,-393,-390,-424,-175,-172,0,-191,-200,-205,
-111,-122,-95,-95,-90,-427,-406,-500,-500,-889,-864]} 1. e4 c6 2. Nf3 d5 3.
exd5 cxd5 4. Ne5 Nc6 5. Bb5 Bd7 6. Bxc6 bxc6 7. O-O Nf6 8. b3 e6 9. Bb2 Be7 10.
d4 O-O 11. Nd2 a5 12. a3 c5 13. dxc5 Bxc5 14. Nxd7 Nxd7 15. Nf3 $6 (15. c4 $11)
15... Nf6 16. Ne5 Qb6 17. Qe2 Rfd8 18. Nd3 $6 {[#]} Be7 $1 19. Rad1 Rac8 $17
20. Ne5 Ne4 21. Rd3 $6 Bf6 22. c4 Qc7 23. f4 Nc5 24. Rg3 dxc4 25. Nxc4 $6 {[#]}
(25. bxc4 $17 Rb8 26. Kh1) 25... Bxb2 $1 $19 26. Qxb2 {[%csl Gg3][%cal Rb2g7]}
g6 27. Ne5 $2 (27. Rc3) 27... Ne4 28. Ng4 Qc5+ (28... Nxg3 $142 29. Nf6+ Kf8
30. Nxh7+ Ke8 31. Qh8+ Kd7 32. Qd4+ Qd6 33. Qxd6+ Kxd6 34. hxg3 Ke7 $19) (28...
Rd2 $1 $19) 29. Re3 Rd3 30. Qe5 Rxe3 31. Qxc5 Rxc5 (31... Nxc5 $142 $19 32.
Nxe3 Nxb3) 32. Nxe3 $17 {KTS-KTS} Rc3 33. Nc4 a4 {[%cal Ba5a4,Ba4b3,Bb3b2]
[%mdl 32]} 34. Re1 $2 {[%mdl 8192]} (34. Rf3 $17 {nur so!}) 34... f5 35. Na5
axb3 36. a4 (36. Nxb3 $142 Rxb3 37. Ra1) 36... b2 0-1

[Event "SC Groebenzell 2-SK Neuburg 1"]
[Site "?"]
[Date "2025.02.02"]
[Round "6.3"]
[White "Foerch, Benedikt"]
[Black "Walter, Tobias"]
[Result "1/2-1/2"]
[WhiteElo "2104"]
[BlackElo "2081"]
[Annotator "Stockfish 17"]
[PlyCount "82"]
[EventDate "2025.??.??"]
[WhiteTeam "SK Neuburg 1"]
[BlackTeam "SC Gröbenzell 2"]

{[%evp 13,82,11,67,5,5,6,6,3,1,7,6,5,3,4,4,5,8,5,7,-12,-10,-19,-14,-40,-34,-39,
-41,-47,-46,-49,-41,-51,-21,-28,-21,-19,-9,-19,-16,-71,-40,-40,-39,-35,-38,-37,
-41,-42,-43,-51,-43,-142,-135,-132,-132,-144,-143,-132,-127,-149,-134,-313,
-267,-399,-324,-384,-382,-362,-335,-310,-138]} 1. Nf3 d5 2. g3 Nf6 3. Bg2 Bf5
4. O-O e6 5. d4 Bd6 6. c4 c6 7. Nc3 Nbd7 8. Nd2 (8. Nh4 $14) 8... O-O $11 9. e4
dxe4 10. Ndxe4 Be7 11. Bf4 Nxe4 12. Nxe4 Nf6 13. Re1 Nxe4 14. Bxe4 $11 Bxe4 15.
Rxe4 Bf6 16. Be5 Bxe5 17. dxe5 Qb6 18. Qc1 $6 Rad8 19. Rg4 {[#] Droht stark
Dh6.} g6 20. b3 Rd4 21. Qg5 Rfd8 22. Rxd4 Rxd4 {[%mdl 4096] Endspiel KDT-KDT}
23. Re1 Qa5 24. Re2 Rd3 25. h4 h5 26. g4 $6 Qd8 27. Qxd8+ Rxd8 28. gxh5 gxh5
$11 {KT-KT} 29. Kg2 Rd4 30. Kg3 Kg7 31. Re3 Kg6 32. Rc3 $2 ({Lieber} 32. Rf3
$15) 32... Rg4+ $17 33. Kh3 Kf5 34. Rd3 Kxe5 35. Rd7 {[#]} f5 36. Rxb7 Ke4 37.
Rxa7 $2 (37. Rh7 $17) 37... Kf3 $19 38. Rh7 (38. Re7 $142 Rg6 39. Rh7) 38...
Kxf2 39. Rxh5 Rg3+ 40. Kh2 Rg2+ 41. Kh3 Rg3+ (41... f4 $1 42. Rg5 f3 $19 {
gewinnt klar}) 1/2-1/2

[Event "SC Groebenzell 2-SK Neuburg 1"]
[Site "?"]
[Date "2025.02.02"]
[Round "6.4"]
[White "Shahin, Walid"]
[Black "Holl, Andreas"]
[Result "1-0"]
[WhiteElo "2055"]
[BlackElo "2071"]
[Annotator "Stockfish 17"]
[PlyCount "65"]
[EventDate "2025.??.??"]
[WhiteTeam "SC Gröbenzell 2"]
[BlackTeam "SK Neuburg 1"]

{[%evp 20,65,15,12,27,22,78,83,105,98,101,48,224,211,200,208,235,225,212,82,
107,119,262,227,249,205,340,331,339,316,309,269,368,340,440,430,437,444,551,
549,753,522,526,512,520,517,544,548]} 1. d4 Nf6 2. c4 e6 3. Nf3 d5 4. Nc3 Be7
5. e3 O-O 6. b3 b6 7. Bd3 Bb7 8. O-O Nbd7 9. Bb2 c5 10. Qe2 Rc8 11. Rad1 Qc7
12. Ne5 Rfd8 $6 (12... cxd4 $142 13. exd4) 13. f4 g6 $6 $16 14. Nb5 (14. cxd5
$1) 14... Qb8 15. Nxd7 $6 (15. cxd5 $16) 15... Nxd7 $2 (15... Rxd7 $14 16. dxc5
Rxc5) 16. cxd5 $1 $18 exd5 {[#]} 17. f5 $1 $18 a6 18. fxg6 fxg6 {[#]} 19. Qg4
$3 {mit der Drohung dxc5 und alle Schleusen gehen auf} Rc6 $16 (19... axb5 20.
Qe6+ Kh8 21. dxc5+ d4 22. Bxd4+ Ne5 23. Bxe5+ {#7}) 20. Nc3 Rd6 (20... Nf6 21.
Qg5 Bc8 22. Rf4 Qb7 23. Bxg6 Ng4 24. Bf7+ Kh8 25. Qh5 $18) 21. Ne2 (21. dxc5 $1
Rf6 22. Ne4 $1 $18) 21... Rf8 22. Bf5 Nf6 (22... h5 $142 23. Qg3 Qe8) 23. Be6+
$18 Kg7 24. dxc5 bxc5 25. Qh3 (25. Nf4 $1) 25... Qe8 26. Be5 Rxe6 27. Qxe6 {
Und weiter mit Txf6! wäre nett.Weiß steht klar auf Gewinn.} Bc8 28. Qxd5 Qf7
29. Nc3 Kg8 30. Qxf7+ Rxf7 31. Bd6 Bxd6 32. Rxd6 Kg7 33. e4 {eine starke
Angriffspartie} 1-0

[Event "SC Groebenzell 2-SK Neuburg 1"]
[Site "?"]
[Date "2025.02.02"]
[Round "6.5"]
[White "Ebenhoech, Daniel"]
[Black "Heinisch, Niklas"]
[Result "1/2-1/2"]
[WhiteElo "1978"]
[BlackElo "1997"]
[Annotator "Stockfish 17"]
[PlyCount "96"]
[EventDate "2025.??.??"]
[WhiteTeam "SK Neuburg 1"]
[BlackTeam "SC Gröbenzell 2"]

{[%evp 20,96,18,10,16,18,25,15,26,29,21,20,23,20,33,25,28,25,34,27,48,56,105,
108,88,13,15,15,34,34,39,-5,57,43,36,38,46,56,69,45,35,20,201,6,104,135,114,94,
85,18,26,28,28,24,32,0,0,0,0,0,0,0,4,-1,0,0,0,0,0,0,0,0,0,0,0,-16,-15,-15,-9]} 
1. Nf3 d5 2. c4 c6 3. d4 Nf6 4. Nc3 a6 5. cxd5 cxd5 6. Bf4 Nc6 7. e3 Bg4 8. h3
Bxf3 9. Qxf3 e6 10. Bd3 Bd6 11. O-O Bxf4 12. Qxf4 O-O 13. Rfc1 Qb8 14. Qxb8
Rfxb8 15. Na4 Nd7 16. a3 Rc8 17. Rc3 Kf8 18. b4 Ke7 19. Rac1 Kd6 20. f4 f5 $6
21. g4 $1 g6 22. Kg2 (22. Nc5 $16 Nxc5 23. bxc5+ Kd7 24. Rb1) 22... b5 $11 23.
Nc5 Nxc5 24. Rxc5 Ne7 25. a4 $11 Rxc5 $6 (25... bxa4 $11 26. gxf5 gxf5) 26.
dxc5+ {[%mdl 4096] Endspiel KTL-KTS} Kc7 27. Ra1 bxa4 28. Rxa4 Kb7 29. Kg3 Nc6
$1 30. Kh4 h6 $2 {ein ernster Fehler [#]} (30... a5 $11) 31. Kg3 $2 (31. g5 $18
h5 32. b5 $1 $18 {und gewinnt} axb5 33. Rxa8 Kxa8 34. Bxb5 Kb7 35. Kg3 Ne7 36.
h4 Nc6 37. Kf3 Kc7 38. Ke2 Kb7 39. Kd3 Kc7 40. Bxc6 Kxc6 41. Kd4 Kb5 42. Ke5
$18 {mit gewonnenem Bauernendspiel}) 31... Ra7 (31... a5 $1 $11 {bleibt in der
Remisbreite.}) 32. h4 $16 Kc7 33. h5 gxh5 34. gxf5 ({Besser ist} 34. g5 $16
hxg5 35. fxg5) 34... exf5 $11 35. Bxf5 {zielt auf e4 ab.} Rb7 $1 36. Rxa6 {
[#] Droht Ta8 und aus.} Rxb4 $11 37. Be6 d4 38. exd4 (38. Bd5 {scheint wilder
zu sein.} Ne7 39. Ra7+ Kd8 40. Ra8+ Kd7 41. Ra7+) 38... Rxd4 (38... Nxd4 {
mit weiteren Verwicklungen.} 39. Bd5 Rb5 40. Ra7+ Kd8 41. Ra8+ Kd7) 39. f5 h4+
40. Kh3 Rf4 41. Ra8 Nd4 42. Rc8+ Kb7 43. Bd7 Nxf5 44. c6+ Kb6 45. Rb8+ Kc7 46.
Rc8+ Kd6 47. Bxf5 Rxf5 48. Kxh4 Rc5 1/2-1/2

[Event "SC Groebenzell 2-SK Neuburg 1"]
[Site "?"]
[Date "2025.02.02"]
[Round "6.6"]
[White "Stocker, Rupert"]
[Black "Heppert, Lars"]
[Result "1/2-1/2"]
[WhiteElo "1979"]
[BlackElo "1915"]
[Annotator "Stockfish 17"]
[PlyCount "24"]
[EventDate "2025.??.??"]
[WhiteTeam "SC Gröbenzell 2"]
[BlackTeam "SK Neuburg 1"]

{[%evp 13,24,-7,-1,-63,-1,-16,-12,-11,-6,-8,-4,-52,-74]} 1. c4 e6 2. g3 d5 3.
Bg2 Nf6 4. Nf3 Be7 5. O-O O-O 6. d3 c5 7. Qc2 Nc6 8. a3 (8. e4 $11) 8... Bd7 (
8... d4 $142 $15) 9. e4 dxe4 10. dxe4 e5 11. Nc3 Nd4 12. Nxd4 $6 cxd4 $15
1/2-1/2

[Event "SC Groebenzell 2-SK Neuburg 1"]
[Site "?"]
[Date "2025.02.02"]
[Round "6.7"]
[White "Vaccaroni, Juan Manuel"]
[Black "Feierlein, Robert"]
[Result "1/2-1/2"]
[WhiteElo "1940"]
[BlackElo "1977"]
[Annotator "Stockfish 17"]
[PlyCount "151"]
[EventDate "2025.??.??"]
[WhiteTeam "SK Neuburg 1"]
[BlackTeam "SC Gröbenzell 2"]

{[%evp 9,151,17,17,18,13,12,20,10,13,7,11,6,0,0,-8,-6,-5,-6,1,-19,7,2,0,0,0,-4,
0,5,10,8,0,-3,0,0,0,-4,17,19,28,27,45,-107,-66,-121,-100,-200,-190,-175,-167,
-207,-234,-212,-207,-214,-229,-278,-281,-288,-282,-382,-298,-323,-197,-273,
-265,-269,-266,-331,-330,-349,-297,-298,-280,-352,-231,-287,-279,-271,-256,
-260,-275,-270,-179,-238,-244,-237,-23,-27,0,0,-1,-4,0,0,0,0,0,0,0,0,0,-278,
-271,-212,-212,-265,-222,-220,-39,-224,-52,-224,-223,-221,-221,-197,-207,-211,
-217,-217,-109,-113,-109,-109,-112,-125,-120,-120,-120,-210,0,0,0,0,0,0,0,0,0,
0,0,0,0,0]} 1. c4 e5 2. Nc3 Nf6 3. g3 c6 4. d4 d6 5. dxe5 dxe5 6. Qxd8+ Kxd8 7.
Nf3 Nfd7 8. Ng5 Ke8 9. Bh3 Na6 10. O-O f6 11. Nge4 Nb6 12. Bxc8 Rxc8 13. b3 Rd8
14. Be3 Nc8 15. g4 h5 16. h3 hxg4 17. hxg4 Ba3 18. Rad1 b6 19. Rxd8+ Kxd8 20.
Rd1+ Ke7 21. Kg2 Rd8 22. Rh1 Nc7 23. Ng3 Ne6 $11 24. g5 Rg8 25. g6 $2 {dieser
Bauer geht langfistig verloren} (25. Nce4 $14 {behält die Oberhand.}) 25...
Nd6 (25... Nf8 26. Nb1 Bb4 27. a3 Bd6 28. Nf5+ Ke6 29. Nxd6 Nxd6 30. c5 Nf5 31.
cxb6 Nxe3+ 32. fxe3 axb6 33. Rc1 Kd7 34. Rd1+ Kc7 35. Nc3 Nxg6 $17) 26. Rd1 f5
27. Bc1 $6 (27. Bd2 $17 {ist wohl besser.}) 27... Bxc1 $19 28. Rxc1 Nf4+ (28...
Rf8 $1) 29. Kf3 $2 Nxg6 $19 30. e4 Nh4+ 31. Ke2 f4 32. Nf1 g5 33. Nh2 g4 34.
Rh1 Ng2 35. Nf1 Rg7 36. Rh5 Kf6 37. Rh6+ Rg6 38. Rh7 Nf7 39. Rh5 Rh6 40. Rxh6+
Nxh6 $19 {[%mdl 4096] Endspiel KSS-KSS} 41. a3 Ke6 42. Na2 Kd6 43. b4 Ng8 44.
Nc1 Nf6 45. Nd2 a6 46. Nd3 f3+ 47. Kf1 {beabsichtigt c5+.} Nf4 $2 (47... Ke6
$19 48. c5 b5) 48. c5+ $11 Ke6 49. Nxf4+ exf4 50. cxb6 {KS-KS} Ke5 51. Nb3 Nd7
({Vergiftet wäre} 51... Nxe4 $2 52. b7 $18) 52. b7 Nb8 53. Nc5 Kd4 54. Ke1 g3
55. fxg3 $2 {[%mdl 8192]} (55. Kf1 $11 {und Weiss muss sich keine Sorgen
machen.}) 55... fxg3 $19 56. Kf1 Ke3 $1 {zielt auf ...g2+ ab.} 57. Nb3 Kxe4 (
57... g2+ 58. Kg1 Kxe4 $19 {gewinnt leicht}) 58. Nd2+ Kf4 $2 (58... Ke3 $1 $19
{[%cal Re3d2]} 59. Nc4+ Kd4) 59. Nc4 $2 ({Günstiger ist} 59. Ke1 $15) 59...
Kg4 $2 ({Lieber} 59... Ke4 $1 $19 60. Nd2+ Ke3 61. Nc4+ Kd3 62. Ne5+ Ke4) 60.
Ne5+ (60. Nd2 $15) 60... Kf4 61. Nc4 Ke4 $1 62. Nd2+ {[#]} Ke3 $1 {[%cal Re3d2]
} 63. Nc4+ Kd4 64. Nd2 f2 (64... Kc3 $19 65. Nxf3 Kb3 66. Kg2 Kxa3 $19) 65. Kg2
$17 {[#]} Kc3 $1 {[%cal Rc3d2]} 66. Ne4+ ({Falsch wäre} 66. Kxg3 $2 Kxd2 67.
Kxf2 a5 $19) 66... Kb3 67. Nxg3 Kxa3 68. Kxf2 Kxb4 $19 69. Ke2 (69. Ne4 $17)
69... Kb3 $2 (69... Kc5 $19 {Weiss muss nun ...Kb6 beachten.} 70. Kd2 Kb6) 70.
Ne4 {Die Stellung ist ausgeglichen.} a5 71. Kd3 Kb4 72. Kd4 a4 {Und weiter mit
...a3 wäre nett.} 73. Nc5 a3 {Droht stark ...a2.} 74. Nd3+ Kb3 75. Kc5 $1 Kc3
76. Nc1 1/2-1/2

[Event "SC Groebenzell 2-SK Neuburg 1"]
[Site "?"]
[Date "2025.02.02"]
[Round "6.8"]
[White "Schrader, Jan-Erik"]
[Black "Liesecke, Christian"]
[Result "1-0"]
[WhiteElo "2021"]
[BlackElo "1926"]
[Annotator "Stockfish 17"]
[PlyCount "125"]
[EventDate "2025.??.??"]
[WhiteTeam "SC Gröbenzell 2"]
[BlackTeam "SK Neuburg 1"]

{[%evp 15,125,11,22,-5,-5,-14,-9,-12,-13,-25,-7,-12,1,9,15,-31,9,-23,12,3,28,
-36,-40,-37,36,43,55,-16,-22,-42,-32,-34,50,-49,-52,-43,67,-29,46,-38,150,109,
162,69,59,50,140,148,148,24,250,26,26,28,29,22,31,-188,174,189,601,599,608,602,
586,582,561,540,618,584,601,575,549,424,602,603,637,626,754,753,725,717,699,
700,807,738,683,442,439,434,394,401,481,466,496,497,666,666,687,659,748,682,
1067,1240,1093,1044,1124,1058,980,888,1057,1051]} 1. e4 c5 2. Nc3 a6 3. g3 d6
4. Bg2 Nc6 5. d3 g6 6. f4 Bg7 7. Nf3 e6 8. O-O Nge7 9. Rb1 O-O 10. g4 f5 11.
gxf5 exf5 12. Be3 Rb8 13. Ne2 Be6 14. a3 Kh8 15. Ng5 Bg8 16. Ng3 h6 17. Nf3 Be6
18. h4 (18. Kh1 $11) 18... fxe4 19. dxe4 Bg4 (19... d5 $15) 20. Qd2 Ng8 21. h5
gxh5 $11 22. Nh2 Qh4 23. Qf2 Nge7 (23... Bd4 $15) 24. c3 {[#]} (24. Nxg4 $14
hxg4 25. Rbd1) 24... Ne5 $1 $15 25. Nh1 N5g6 $6 (25... Qxf2+ $1 $15 26. Nxf2
Nc4) 26. Qd2 Qf6 $6 (26... Rbd8 $11) 27. Ng3 ({Günstiger ist} 27. Nxg4 $14
hxg4 28. Ng3) 27... Nh4 $2 (27... Qh4 $15 28. Qe1 Kg8) 28. Nxg4 (28. f5 $1 Kh7
29. e5 $1 dxe5 30. Ne4 Qf7 31. f6 $18) 28... hxg4 29. Nh5 (29. f5 $18 {Schwarz
muss nun Sh5 beachten.} Nf3+ 30. Bxf3 gxf3 31. Rxf3) 29... Qg6 30. Nxg7 Kxg7 $2
({Vergiftet wäre} 30... Nxg2 $2 {[#]} 31. f5 $1 $18) (30... Qxg7 $14 31. Qxd6
Rbd8 $14) 31. f5 $16 Qf6 32. Rf4 ({viel stärker war} 32. b4 $16) 32... h5 $2 (
32... Rg8 $11 {und Schwarz ist OK.}) (32... Kh7 $11) 33. Rxg4+ $2 (33. Rff1 $1
Nf3+ 34. Bxf3 gxf3 35. Bg5 $18) 33... hxg4 $11 34. Bg5 Qe5 35. Bxh4 {Droht
Dg5+ und aus.} Kf7 36. Qg5 $2 (36. Bg5 $14 {bleibt weiter vorne.}) 36... Rg8 $4
{[%mdl 8192]} (36... Rh8 $19 {und Schwarz kann entspannen. ...Tbg8 ist eine
echte Drohung.} 37. Qxe7+ Qxe7 38. Bxe7 Kxe7) 37. Qh5+ $18 Kg7 $2 (37... Kf8
38. Qh6+ Ke8 39. Bf6 $18) 38. f6+ {[%mdl 64] Doppelangriff} Kf8 39. fxe7+ Kg7
40. Qxe5+ dxe5 41. Rd1 {Weiß gewinnt} Rbe8 42. Rd8 Kf7 43. Rxe8 (43. Bf1 b5
44. Rxe8 Kxe8 45. Kg2 $18) 43... Kxe8 44. Kf2 Kd7 (44... g3+ $142 45. Bxg3 Kxe7
46. Bxe5 Ke6) 45. Kg3 Rg6 46. Bf1 Rd6 47. Be2 Ke8 48. Bxg4 Rh6 49. Bf5 Rd6 50.
Kg4 Kf7 51. Kg5 Kxe7 52. Bg3 Rd2 53. Bxe5 Rg2+ 54. Bg4 {Weiß steht klar auf
Gewinn.} Rxb2 55. Bf6+ Kf7 56. e5 {Weiss will mit e6+ Matt setzen.} Rg2 57. e6+
Ke8 58. Kf4 {jetzt Lh5+ und aus.} Rf2+ 59. Ke5 Rh2 60. Bf3 Rh3 61. Bxb7 {
Weiss droht Lc6+ und Matt.} Re3+ 62. Kd5 Rd3+ 63. Kxc5 1-0

[Event "SV Roehrnbach 1-SK Bruckmuehl 1"]
[Site "?"]
[Date "2025.02.02"]
[Round "6.1"]
[White "Uebele, Peter"]
[Black "Eckerl, Uwe"]
[Result "1-0"]
[WhiteElo "2087"]
[BlackElo "2114"]
[Annotator "Stockfish 17"]
[PlyCount "83"]
[EventDate "2025.??.??"]
[WhiteTeam "SK Bruckmühl 1"]
[BlackTeam "SV Röhrnbach 1"]

{[%evp 21,83,67,71,50,53,51,68,66,70,41,45,42,49,41,39,-41,-42,-28,-33,-88,-73,
-77,-66,-214,45,15,63,-29,65,1,111,76,98,98,163,161,387,341,407,426,408,409,
386,421,426,391,373,346,336,350,437,176,170,166,238,174,193,0,309,300,493,483,
496,497]} 1. d4 Nf6 2. Nf3 g6 3. c4 Bg7 4. Nc3 O-O 5. e4 d6 6. Be2 e5 7. Be3
Ng4 8. Bg5 f6 9. Bc1 Nc6 10. O-O Kh8 11. d5 Ne7 12. h3 Nh6 13. b4 f5 14. c5
fxe4 15. Ng5 Nhf5 16. Ngxe4 Nd4 17. cxd6 cxd6 18. b5 $6 (18. Bg5 $14) 18... Bf5
$15 19. Bd3 Rc8 20. Ba3 $6 Bxe4 21. Nxe4 Nxd5 {[#]} 22. Nxd6 $2 (22. g3 $15)
22... Rc7 $2 (22... Nf4 $142 $1 $19 23. Ne4 (23. Nxc8 $2 Nxh3+ 24. Kh2 Nxf2 $19
) 23... Rg8) 23. Ne4 $11 Rf4 24. g3 (24. Rc1 $142 $14) 24... Rf3 (24... Nf3+
$142 $11 25. Kg2 Nh4+ 26. Kh2 (26. gxh4 Nc3 $17) 26... Nc3 27. Nxc3 Rd4) 25.
Bb2 (25. Rc1 $1 $14) 25... Rcf7 $6 (25... Nf4 $1 $11 {hält das Gleichgewicht.}
26. gxf4 Qh4) 26. Bc4 h6 27. Be2 $36 {[%mdl 2048] Und Lxd4 würde nun gewinnen.
Läuft bei Weiss.} Nxe2+ $2 (27... R3f5 $16) 28. Qxe2 $18 Qc8 $2 (28... Qe7)
29. Nd6 Qxh3 30. Nxf7+ Rxf7 31. Bxe5 Kh7 32. Bxg7 Rxg7 33. Qe4 $18 (33. Qe5 $1
$18) 33... Nf6 34. Qg2 Qf5 35. Rab1 Ne4 {Mit der Idee ...Sd2.} 36. Rb4 (36. g4
$142 $1 Qd5 37. Rfe1 $18) 36... Nd2 {...Sf3+ ist eine echte Drohung.} 37. Rf4 {
[%cal Rf4f5]} Qxb5 (37... Qe5 $142) 38. Rd1 (38. Re1 $1 $18) 38... Rd7 {[#]}
39. f3 $2 ({Weiss braucht} 39. Qh1 $1 $18) 39... Qc5+ $2 {[%mdl 8192]} (39...
g5 $11 {und Schwarz steht sicher.} 40. Rg4 {[#]} (40. Rf6 Qe5 $17) 40... h5 $1
41. Rxd2 hxg4 42. Rxd7+ Qxd7) 40. Kh1 Qh5+ $2 (40... Qe7 {war angesagt.} 41.
Qg1 b6) 41. Rh4 Qd5 42. Rh2 1-0

[Event "SV Roehrnbach 1-SK Bruckmuehl 1"]
[Site "?"]
[Date "2025.02.02"]
[Round "6.2"]
[White "Fuchs, Florian"]
[Black "Wilhelm, Robert"]
[Result "1-0"]
[WhiteElo "2121"]
[BlackElo "2074"]
[Annotator "Stockfish 17"]
[PlyCount "81"]
[EventDate "2025.??.??"]
[WhiteTeam "SV Röhrnbach 1"]
[BlackTeam "SK Bruckmühl 1"]

{[%evp 12,81,66,69,68,66,66,58,65,62,68,66,65,68,93,48,67,37,34,41,41,-119,
-100,-106,-103,-99,-98,-130,-117,-97,-12,-14,-12,-15,-12,-9,77,2,0,0,2,3,12,16,
150,147,192,195,224,200,361,351,371,251,322,296,279,299,353,336,439,422,606,
605,629,606,641,636,689,709,668,634]} 1. e4 c5 2. Nf3 e6 3. d4 cxd4 4. Nxd4 Nf6
5. Nc3 Nc6 6. Ndb5 Bc5 (6... d6 7. Bf4 e5 8. Bg5 a6 9. Na3 {ist eine
vielgespielte Variante}) 7. Bf4 O-O 8. Bc7 Qe7 {Und weiter mit ...d5 wäre
nett.} 9. Bd6 $1 {[%cal Rd6e7]} Bxd6 {Weiß steht etwas besser.} 10. Qxd6 Qd8 (
10... Ne8 11. Qxe7 Nxe7 12. O-O-O f5 13. f3 fxe4 14. Nxe4 d5 15. Ned6 {Tolnai,
T-Doleschall,G HUN-chT 1991}) 11. O-O-O a6 12. Nd4 Qa5 13. Nxc6 dxc6 14. h4 e5
15. Bc4 Re8 16. h5 $2 {ein Fehler, der den vWeißen in Bedrängnis bringt} (16.
f3 $14 {bleibt weiter vorne.}) (16. Kb1 $11) 16... Bg4 $1 $36 {[%mdl 2048]} 17.
f3 {[#]} Rad8 $1 18. Qa3 Qxa3 19. bxa3 {Txd8 ist eine echte Drohung.} Bxh5 $17
20. a4 b5 $6 {führt zu Ausgleich} (20... a5 $17 21. Nb1 Bg6 22. Nd2 Nd7 $17 {
behauptet den Vorteil}) 21. axb5 axb5 22. Bb3 Kf8 23. a4 b4 (23... Rxd1+ $11 {
hält das Gleichgewicht.} 24. Rxd1 Rc8) 24. Nb1 ({Günstiger ist} 24. Na2 $16)
24... Rxd1+ $11 25. Rxd1 Ke7 26. Nd2 Nd7 27. Nc4 f6 $2 (27... Ra8 $11 28. Kb2
Ra6 $11) 28. Nd6 $18 {[%mdl 1024] Droht stark Sf5+. Weiss hat starke
Kompensation.} Rd8 29. Nf5+ Kf8 {[#]} 30. Rd6 $1 c5 $2 (30... Be8 {war nötig.}
) 31. a5 $1 $18 Be8 32. Ba4 (32. Bd5 {[%eval 520,0] ist sehr stark}) 32... g6
33. Ne3 Ke7 {[#]} 34. Ra6 Bf7 35. Ra7 Be6 36. Nd5+ {Weiß steht klar auf
Gewinn.} Kf7 37. Nb6 Ke7 {Wenn Schwarz jetzt Zeit für ...Kd6 hätte...} 38. a6
Kd6 39. Bxd7 Bxd7 40. Rxd7+ Rxd7 41. Nxd7 1-0

[Event "SV Roehrnbach 1-SK Bruckmuehl 1"]
[Site "?"]
[Date "2025.02.02"]
[Round "6.3"]
[White "Caspers, Christian"]
[Black "Knechtel, Roland"]
[Result "0-1"]
[WhiteElo "1951"]
[BlackElo "2146"]
[Annotator "Stockfish 17"]
[PlyCount "46"]
[EventDate "2025.??.??"]
[WhiteTeam "SK Bruckmühl 1"]
[BlackTeam "SV Röhrnbach 1"]

{[%evp 11,46,68,75,64,74,32,34,24,21,31,36,11,19,30,57,-4,41,11,43,-37,-2,-63,
-69,-146,-127,-194,-185,-214,-172,-298,-234,-275,-277,-351,-265,-634,-640]} 1.
d4 g6 2. c4 Bg7 3. e4 Nc6 4. Nf3 e5 5. d5 Nce7 6. Nc3 d6 7. Bd3 f5 8. Qc2 Nf6
9. Bg5 O-O 10. h3 c6 11. Nd2 cxd5 12. cxd5 h6 13. Bh4 a6 (13... g5 14. Bg3 Nh5
15. a4 Nf4 16. Bxf4 exf4 17. Nb5 fxe4 18. Bxe4 $11 {ist auch möglich}) 14. f3
b5 15. a3 (15. O-O $14) 15... Rb8 16. b4 $6 (16. O-O $11) 16... Bd7 $15 17. g4
$2 (17. Rc1 $142 $15) 17... fxg4 $17 18. fxg4 {mit -2.30 steht Weiß schon
bedenklich schlecht} (18. hxg4 $17 g5 19. Bg3) 18... g5 $19 19. Bg3 Ng6 20. Nf1
Nf4 21. Ne3 Qb6 (21... Rc8 $1) 22. Bf2 Rbc8 {[#] zielt auf ...Dd4 ab.} 23. Qd2
$2 (23. Ned1 Qb7 24. Be3 h5 $19 {ist auch sehr bedenklich}) 23... Qd4 {[%mdl
64] Doppelangriff.} 0-1

[Event "SV Roehrnbach 1-SK Bruckmuehl 1"]
[Site "?"]
[Date "2025.02.02"]
[Round "6.4"]
[White "Neuwerth, Chulian"]
[Black "Kieffer, Joachim"]
[Result "1-0"]
[WhiteElo "1995"]
[BlackElo "1991"]
[Annotator "Stockfish 17"]
[PlyCount "79"]
[EventDate "2025.??.??"]
[WhiteTeam "SV Röhrnbach 1"]
[BlackTeam "SK Bruckmühl 1"]

{[%evp 16,79,38,58,213,213,220,216,206,208,292,274,273,270,268,260,305,303,291,
277,354,352,322,302,355,354,348,366,339,281,444,450,441,454,470,414,405,404,
406,404,405,397,411,390,432,405,415,410,417,365,370,311,304,273,299,240,296,
223,255,212,174,172,158,116,445,458]} 1. c4 d6 2. Nc3 g6 3. Nf3 Bg7 4. d4 Nf6
5. e4 O-O 6. Be2 e5 7. Be3 Ng4 8. Bg5 f6 9. Bh4 Nh6 $2 ({Lieber} 9... g5 $14)
10. dxe5 $1 $18 dxe5 11. Qxd8 Rxd8 12. Nd5 $1 {[%mdl 64] [#] Doppelangriff.
Für Weiß fast schon eine Gewinnstellung} g5 (12... Nc6 $142 13. Bxf6 (13.
Nxf6+ Bxf6 14. Bxf6 Rf8 $16) 13... Bxf6) 13. Nxc7 gxh4 14. Nxa8 Na6 15. Rd1 (
15. Nxh4 Be6 $11) 15... Rxd1+ 16. Bxd1 Bf8 17. O-O Bd6 18. Ba4 (18. Nxh4 Kf8
$18 (18... b6 19. Bf3 Bb7 20. Rd1 Nf7 21. Nf5 Bf8 22. Nc7 Nxc7 23. Rd7 $18))
18... Kf8 19. Bb5 (19. Nxh4 Nc5 $16) 19... Nc5 20. b4 Nxe4 21. c5 ({Schlechter
ist} 21. Nxh4 Bxb4 22. Rd1 Ke7 $14) 21... Bb8 22. c6 {Und c7 würde nun
gewinnen.} a6 (22... Bd6 $142 23. Rc1 (23. Nxh4 Nc3 $16) 23... Ng4 24. Nxh4
Bxb4) 23. Bd3 Nd6 24. Nb6 Bg4 25. Nd7+ Bxd7 26. cxd7 Ke7 27. Bxh7 Kxd7 28. Bc2
h3 29. gxh3 Ba7 30. Nd2 f5 31. Rd1 Ke7 32. Nf3 e4 33. Nd4 Nhf7 34. Nb3 Ne5 35.
Nc5 a5 36. a3 b6 37. Nb3 a4 38. Nd4 b5 {[#] Droht stark ...Lxd4.} 39. Kh1 Nec4
$2 {[%mdl 8192]} (39... Bxd4 $16 {ist eine bessere Chance.} 40. Rxd4 Nec4) 40.
Nc6+ {[%mdl 64] Doppelangriff.} 1-0